000
00175 a2200085 4500
020
_a
9788997079735
100
_a
DMP
245
_a
Signs in Transport Infrastructure
260
_b
DMP
999
_c
12204
_d
12204